000 00656nam a2200193Ia 4500
003 GCL
008 140319s9999 xx 000 0 ara d
040 _aGCL /
_cGCL
082 0 4 _a370.15
_bم ق
100 1 _aمونتيسورى، ماريا
245 1 0 _aالقوة الانسانية الكامنة :
_bكيف تربيها وتنميها ؟ /
_cمونتيسورى، ماريا
250 _aالاولى
260 _aالقاهرة :
_bمكتبة دار الكلمة ،
_c2005
300 _a117 ص ؛
_c20 سم
650 0 4 _aالاطفال
650 0 4 _aعلم النفس التربوى
650 0 4 _aالادراك الذهنى
942 _2ddc
_cBK
999 _c7415
_d7415